00740nab a2200205uuc4500001000800000005001700008008004100025035001200066035002100078040001300099041000800112100003600120245013200156650002400288650003200312650003000344650002200374650003000396773010800426108400420240224090333.0080606e20071231 spa  a1084004 a(OCoLC)820419030 ccomduadb aspa10aRamirez Corzo, Daniel4auteaut13aLa memoria de la ciudad en TAFOS: antropologia visual cuando el otro tiene la camara (portafolio fotografico con breve prologo) aAntropologia visual 7aAntropología urbana2lemb aLima (Peru) - Fotografias aFotografia social 7aMemoria colectiva2armarc0 tAnthropologica (Perú)gVolumen 25, Número 25, Diciembre 2007, p. 103-129w583064x0254-92120146874